000 00388cam a2200157ua 4500
041 _amal
_h
082 _a894.8122
_bNAL/BH
100 _aNalinakumari, .
245 _aBharatha Rathnam /
_cNalinakumari.
_hTextual Documents
260 _aTrivandrum :
_bA.V.Publishing house ,
_c1961.
300 _a186 ; .
504 _a
942 _cBK
999 _c1018
_d1018